Größte Städte Österreichs - Extrem - Statistiken

Allgemein
  • Dieses Quiz wurde 12.039 mal gespielt
  • Das Durchschnittsergebnis liegt bei 27 aus 100
Antwortstatistiken
Bevölkerung Stadt / Gemeinde % Korrekt
1.888.776 Wien
100%
153.377 Salzburg
94%
286.292 Graz
88%
132.493 Innsbruck
86%
204.846 Linz
85%
100.369 Klagenfurt am Wörthersee
74%
54.649 St. Pölten
67%
29.806 Bregenz
66%
61.879 Villach
61%
14.476 Eisenstadt
57%
44.820 Wiener Neustadt
55%
61.233 Wels
53%
49.278 Dornbirn
51%
11.844 Lienz
43%
38.331 Steyr
43%
33.420 Feldkirch
42%
19.223 Kufstein
40%
13.897 Hall in Tirol
39%
24.610 Krems an der Donau
39%
24.645 Leoben
38%
23.656 Amstetten
37%
26.286 Baden
36%
17.095 Braunau am Inn
35%
25.035 Wolfsberg
35%
9.852 Zell am See
35%
14.539 Bludenz
33%
20.555 Mödling
32%
15.885 Bruck an der Mur
31%
13.191 Gmunden
30%
21.150 Hallein
30%
11.903 Ried im Innkreis
30%
15.413 Spittal an der Drau
30%
10.944 St. Johann im Pongau
30%
9.428 St. Johann in Tirol
30%
10.504 Imst
28%
27.058 Klosterneuburg
28%
16.197 Tulln an der Donau
28%
12.986 Korneuburg
25%
13.728 Schwaz
25%
18.026 Schwechat
25%
13.811 Wörgl
25%
22.798 Kapfenberg
24%
12.201 Leibnitz
23%
22.821 Lustenau
23%
12.299 Vöcklabruck
23%
10.540 Bischofshofen
22%
9.960 Judenburg
22%
12.547 St. Veit an der Glan
22%
11.333 Waidhofen an der Ybbs
22%
10.908 Zwettl-Niederösterreich
22%
14.198 Feldkirchen in Kärnten
21%
24.477 Traun
21%
14.133 Bad Ischl
20%
11.604 Deutschlandsberg
20%
11.559 Mistelbach
20%
11.627 Weiz
20%
11.937 Enns
19%
11.404 Gänserndorf
19%
11.681 Hollabrunn
19%
28.698 Leonding
18%
12.879 Neunkirchen
18%
10.946 Völkermarkt
17%
16.700 Saalfelden am Steinernen Meer
16%
16.916 Stockerau
16%
15.747 Telfs
16%
16.317 Hohenems
15%
12.626 Knittelfeld
14%
18.858 Traiskirchen
14%
9.403 Voitsberg
14%
11.961 Bad Vöslau
13%
13.369 Feldbach
13%
10.763 Gleisdorf
13%
9.340 St. Valentin
12%
16.194 Ansfelden
11%
11.864 Brunn am Gebirge
11%
11.206 Groß-Enzersdorf
11%
13.495 Hard
11%
13.056 Wals-Siezenheim
11%
11.155 Gerasdorf bei Wien
10%
11.473 Götzis
10%
15.047 Perchtoldsdorf
10%
10.764 Seekirchen am Wallersee
10%
14.632 Ternitz
10%
9.405 Wiener Neudorf
10%
9.888 Köflach
9%
13.603 Marchtrenk
9%
9.701 Purkersdorf
9%
11.855 Rankweil
9%
10.942 Ebreichsdorf
8%
10.267 Lauterach
8%
11.187 Seiersberg-Pirka
8%
9.957 St. Andrä
8%
10.009 Strasshof an der Nordbahn
8%
11.125 Trofaiach
8%
13.002 Gratwein-Straßengel
7%
9.179 Guntramsdorf
7%
9.190 Rum
7%
9.861 Laakirchen
5%
9.793 Altmünster
4%
9.371 Sierning
4%
Keine übereinstimmenden Quizze gefunden
Verteilung der Resultate
Anzahl Personen mit jedem Resultat
Perzentil nach korrekt beantworteten Fragen
Ihre Resultats-Entwicklung
Sie haben dieses Quiz noch nicht gespielt